000 00653nam a2200241 i 4500
001 C2-0075871
003 PPAK
005 20180727081818.0
008 970429s1990 enka|||| ||||| | eng d
020 _a0719547830
040 _aPPAK
_beng
_cPPAK
_erda
082 0 4 _a305.8992
_223
090 0 0 _a305.8992
_bLIN
_dG
100 1 _aLinklater, Andro,
_eauthor
245 1 0 _aWild people
264 1 _aLondon :
_bJohn Murray ,
_c1990
300 _a208 pages :
_billustrations ;
_c23 cm
336 _2rdacontent
_atext
337 _2rdamedia
_aunmediated
338 _2rdacarrier
_avolume
650 1 0 _aSarawak - Social life and customs
942 _ddc
_cB
999 _c11502
_d11502